01435nam a22004217a 4500001000700000003000900007005001700016007000300033008003900036020001500075040003000090082002700120240000900147245014500156260000900301264004900310300004900359336002700408337003500435338002200470490001000492590002600502650001500528650003000543650004100573650005800614700002400672700002400696700002100720700002100741700002600762700002700788910004100815942001200856945000600868952012400874999001500998240034DO-SdBPM20251112131607.0ta160328b1998 mx |||| |||| 00| 0 spa d a9684443005 aDO-SdBPMbspacBPMSUerda 4a512.14bA394t 199822210a l 10aÁlgebra, trigonometría y geometría analítica /cStanley A. Smith ... [y otros ] ; versión en español de Carlos Torres Alcaraz. a b  aMéxico : b Adison Wesley Longman, c1998. a1027 páginas : bilustraciones ; c25 cm.  atextobtxt2rdacontent asin mediación bn2rdamedia  avolumen bnc2rda0 aAWLI. aInventariado, 2025/VM 7aÁlgebra. 7aGeometría analítica.  7aAlgebravProblemas, ejercicios, etc. 7aGeometría analíticavProblemas, ejercicios, etc. 1 aSmith, Stanley A. 1 aCharles, Randall I.1 aDossey, John A. 1 aKeedy, Mervin L.1 aBittinger, Marvin L. 1 aTorres Alcaraz, Carlos aVMateo V. Congrol de calidad. BPMSU  2ddccBK a  00102ddc708CGaBPMETbBPMETd2016-03-28l0oBPMSU CG 512.14 A394t 1998pBPMSU16030264r2016-03-28t w2016-03-28yBK c9381d9381